| 000 | 01023nam a2200265Ia 4500 | ||
|---|---|---|---|
| 003 | OSt | ||
| 005 | 20221005104758.0 | ||
| 006 | a|||||r|||| 00| 0 | ||
| 007 | ta | ||
| 008 | 221004b |||||||| |||| 00| 0 hin d | ||
| 020 |
_a819040346X (hbk) _c300 |
||
| 024 | _a108276 | ||
| 037 |
_b12957, 18/03/2011, Kitab Ghar _cTextual |
||
| 040 |
_aCRL _cCRL _bhin |
||
| 041 |
_2hin _ahin |
||
| 082 | _aO152,1:g(Y:1), P6 | ||
| 100 | _aशर्मा, मदन लाल | ||
| 245 | 0 | _aहिन्दी - कविता में संस्कृति - धर्म और दर्शन | |
| 246 | _aHindī - kavitā mean sanskṛuti - dharma aur darshana | ||
| 260 |
_aदिल्ली _bव्रजेश्वरी प्रकाशन भारत _c2006 |
||
| 300 |
_a248पृ0 _ccm. |
||
| 650 | _aहिन्दी साहित्य | ||
| 942 |
_hO152,1:g(Y:1), P6 _cTEXL _2cc |
||
| 999 |
_c1013762 _d1013762 |
||